000 01031nam a2200205 a 4500
001 000111098
003 AM-YEHGA
005 20250617122405.0
008 980209s1974 ru ||||gr|||||||||0|rus|d
040 _aAM-YeHGA
041 0 _arus
_aeng
100 1 _aНикитин, Михаил Васильевич
245 1 0 _aЛексическое значение в слове и словосочетании :
_bСпецкурс по общей и английской лексикологии /
_cМ.В. Никитин ; Владимирский гос. пед. ин-т им. П.И. Лебедева-Полянского.
260 _aВладимир :
_bИзд-во Владимирского гос. пед. ин-та,
_c1974.
300 _a221 с.
650 1 4 _aАнглийский язык
_vЛексикология
710 2 _aВладимирский государственный педагогический институт им. П.И. Лебедева-Полянского
942 _2udc
_cBK
090 _c36851
999 _c36298
_d36298